| 000 -LEADER |
| fixed length control field |
01555pab a2200193 454500 |
| 008 - FIXED-LENGTH DATA ELEMENTS--GENERAL INFORMATION |
| fixed length control field |
180718b2008 xxu||||| |||| 00| 0 eng d |
| 100 ## - MAIN ENTRY--PERSONAL NAME |
| Personal name |
Rani, P. Geetha |
| 245 ## - TITLE STATEMENT |
| Title |
Economic reforms and privatisation of education in India |
| 260 ## - PUBLICATION, DISTRIBUTION, ETC. |
| Date of publication, distribution, etc. |
2008 |
| 300 ## - PHYSICAL DESCRIPTION |
| Extent |
p.67-92. |
| 362 ## - DATES OF PUBLICATION AND/OR SEQUENTIAL DESIGNATION |
| Dates of publication and/or sequential designation |
Jun |
| 520 ## - SUMMARY, ETC. |
| Summary, etc. |
An attempt is made in this paper to examine economic reforms and privatisation of education per se and higher education, in particular. Privatisation of higher education in India has emerged in several forms and types. it began to grow during the 1980s, and has mushroomed since the 1990s. In this rapidly changing context, the challenge to public policy on higher education, in India, remains to combine private providers with the continuing responsibility of the governments to guide, regulate, monitor and continue the provision of subsidised higher levels of education with a view to striking a balance between equity and efficiency principles. Privatisation has further trickled down to school and even to basic education as well. A growing demand has allowed and encouraged the expanding share of private sector in secondary education. Above all, privatisation at the school level exacerbates inequality and, hence, increasing reliance on it for expansion would increasingly leave out the low-income groups and produce many regressive effects on society. - Reproduced. |
| 650 ## - SUBJECT ADDED ENTRY--TOPICAL TERM |
| Topical term or geographic name entry element |
Privatization - India |
| 650 ## - SUBJECT ADDED ENTRY--TOPICAL TERM |
| Topical term or geographic name entry element |
Economic reform - India |
| 650 ## - SUBJECT ADDED ENTRY--TOPICAL TERM |
| Topical term or geographic name entry element |
Economic reform |
| 773 ## - HOST ITEM ENTRY |
| Main entry heading |
Man and Development |
| 908 ## - PUT COMMAND PARAMETER (RLIN) |
| Put command parameter |
N |
| 909 ## - |
| -- |
78765 |